Statistics for Guess the Country by their Domain Name #8

Click here to take the quiz!

General Stats

  • This quiz has been taken 17 times
  • The average score is 15 of 25

Answer Stats

DomainCountry% Correct
.vuVanuatu
93%
.zwZimbabwe
93%
.cyCyprus
86%
.joJordan
86%
.omOman
86%
.mzMozambique
71%
.pkPakistan
71%
.tgTogo
71%
.atAustria
64%
.eeEstonia
64%
.vaVatican City
64%
.lrLiberia
57%
.mlMali
57%
.mtMalta
57%
.scSeychelles
57%
.ssSouth Sudan
57%
.lsLesotho
50%
.mmMyanmar
50%
.snSenegal
43%
.rsSerbia
43%
.sdSudan
43%
.baBosnia and Herzegovina
36%
.jbJapan
36%
.cfCentral African Republic
29%
.slSierra Leone
29%

Score Distribution

Percentile by Number Answered

Percent of People with Each Score

Your Score History

You have not taken this quiz